000 00383nam a2200157Ia 4500
008 230711s9999||||xx |||||||||||||| ||und||
020 _a978-81-261-4761-8
041 _aENG
082 _a631.53
100 _aMathur,Neeru
245 0 _aElements of Plant Breeding
260 _c2011
_aNew Delhi
_bAnmol Publication(P) Ltd.
300 _a280p.
650 _aAgriculture
942 _cBK
999 _c7550
_d7550